Engine lathe operations /

Bibliographic Details
Main Author: Whipple, Graham G.
Other Authors: Baudek, Anthony C.
Format: Book
Language:English
Published: Bloomington, Ill. : McKnight & McKnight, [1942]
Subjects:

MARC

Tag First Indicator Second Indicator Subfields
LEADER 00000cam a2200000 4500
001 in00000042572
005 20151007074747.0
008 750731s1942 ilua 00010 eng u
010 |a  42051749  
035 |a (OCoLC)01495660 
035 |9 AAF2048AM 
040 |c DZM  |d TXA  |d UtOrBLW 
049 |a TXAM  |c [374432] 
050 0 0 |a TJ1218  |b .W57 
082 0 |a 621.94 
092 |a 621.94  |b W573e 
100 1 |a Whipple, Graham G. 
245 1 0 |a Engine lathe operations /  |c [by] Graham G. Whipple...[and] Anthony C. Baudek... 
264 1 |a Bloomington, Ill. :  |b McKnight & McKnight,  |c [1942] 
300 |a 147 pages, 2 unnumbered pages, 1 . including illustrations, tables, diagrams :  |b blue-prints. ;  |c  26 cm. 
336 |a text  |b txt  |2 rdacontent 
337 |a unmediated  |b n  |2 rdamedia 
338 |a volume  |b nc  |2 rdacarrier 
650 0 |a Lathes. 
700 1 |a Baudek, Anthony C. 
999 |a MARS 
999 f f |s 776d6f31-3a47-3aff-955c-824e9b6180a6  |i ba15b06a-0893-32f1-989e-10d9e1a064b5  |t 0 
952 f f |p ric  |a Texas A&M University  |b Rellis Campus  |c Joint Library Facility  |d Remote Storage  |t 0  |e TJ1218 .W57  |h Library of Congress classification  |i unmediated -- volume  |m A14801043749 
998 f f |a TJ1218 .W57  |t 0  |l Remote Storage